000 00653nam a2200193 4500
008 161126b xxu||||| |||| 00| 0 eng d
020 _a978-0-521-73532-2
082 _22009
_aDC 641.3
_bL33f
100 _917861
_aLasslett, Sally
245 _aFood for you:
_bbook 1
_cSally Lasslett, Chrissy Collins and Glenise Perraton.
260 _aCambridge:
_bCambridge University Press,
_cc2009.
300 _axix, 267 pages :
_bcolor illustrations ;
_c28 cm.
500 _aIncludes index
650 0 _917862
_aFood
700 _917863
_aCollins, Chrissy
_eAuthor
700 _917864
_aPerraton, Glenise
_eAuthor
365 _b2495.00
_cPhp
942 _2ddc
_cDC
999 _c5892
_d5892